Different faces of politics in literature and music (Record no. 395255)

MARC details
000 -LEADER
fixed length control field 00577 a2200205 4500
005 - DATE & TIME
control field 20260210105509.0
008 - FIXED-LENGTH DATA ELEMENTS--GENERAL INFORMATION
fixed length control field 260209b |||||||| |||| 00| 0 eng d
020 ## - ISBN
International Standard Book Number 9781032825281
Price Rs. 1295.00
040 ## - CATALOGING SOURCE
Original cataloging agency VIVEKANANDA LIBRARY
082 ## - DDC NUMBER
Classification number 700.454
Book Number V445D
100 ## - MAIN ENTRY--PERSONAL NAME
Personal name Vassallo, Mario Thomas, ed.
245 ## - TITLE STATEMENT
Title Different faces of politics in literature and music
260 ## - PUBLICATION, DISTRIBUTION, ETC. (IMPRINT)
Name of publisher, distributor, etc Routledge
Date of publication, distribution, etc 2024
Place of publication, distribution, etc New York
300 ## - PHYSICAL DESCRIPTION
Pages xiv, 272
650 ## - Subject
Subject Arts
650 ## - Subject
Subject Social- Political Aspects
650 ## - Subject
Subject Political Aspects of Art
700 ## - Added Entry Personal Name
Added Entry Personal Name Debattista, Andre P
942 ## - ADDED ENTRY ELEMENTS (KOHA)
Koha item type Books
Holdings
Withdrawn status Lost status Source of classification or shelving scheme Damaged status Not for loan Location (home branch) Sublocation or collection (holding branch) Shelving location Date acquired Koha issues (times borrowed) Koha full call number Accession No. Koha date last seen Koha item type
    Dewey Decimal Classification     VIVEKANANDA LIBRARY VIVEKANANDA LIBRARY Vivekananda Library 22/01/2026   700.454 V445D 444470 22/01/2026 Books
© Designed and Maintained by Vivekananda Library, MDU Rohtak